• 首页
  • 本馆介绍
  • 公告通知
  • 最新文献
  • 馆藏检索
  • 电子资源
  • 读者导购
  • 参考咨询
  • 我的图书馆
  • 登录
  • 详细信息显示
  • 放入我的书架
  • 预约/预借图书
  • 作者相关作品
  • 分类相关作品
  • 丛书相关作品
  • 出版社相关作品

书目信息

  • 表格格式
  • 工作单格式
  • 卡片格式
题名:
中学物理学习策略实证研究
    
 
作者: 莫芮 著
分册:  
出版信息: 成都   四川大学出版社  2018
页数: 113页
开本: 24cm
丛书名:
单 册:
中图分类: G634.73
科图分类:
主题词: 中学物理课--学习方法--研究
电子资源:
ISBN: 978-7-5690-1520-1
000 00996nam0 2200241 450
001 012001002342
005 20130123095011.0
010    @a978-7-5690-1520-1@dCNY35.00
100    @a20181129d2018 em y0chiy50 ea
101 0  @achi
102    @aCN@b510000
105    @ay z 000yy
106    @ar
200 1  @a中学物理学习策略实证研究@9zhong xue wu li xue xi ce lue shi zheng yan jiu@dAn empirical study on the strategy of middle school physics learning@f莫芮著@zeng
210    @a成都@c四川大学出版社@d2018
215    @a113页@d24cm
330    @a本书共分八章,内容包括:学习策略概述、学习策略研究前沿分析、物理学习策略调查量表的选择、物理学习策略调查结果分析、物理学业情绪量表的选择、物理学业情绪调查结果分析、学习策略与学习潜能分析等。
510 1  @aEmpirical study on the strategy of middle school physics learning@zeng
606 0  @a中学物理课@x学习方法@x研究
690    @aG634.73@v5
701  0 @a莫芮@9mo rui@4著
801  0 @aCN@b江苏凤凰@c20191020
905    @b1215666-9@dG634.73@e1391@f4
    
    中学物理学习策略实证研究=An empirical study on the strategy of middle school physics learning/莫芮著.-成都:四川大学出版社,2018
    113页;24cm
    
    
    ISBN 978-7-5690-1520-1:CNY35.00
    本书共分八章,内容包括:学习策略概述、学习策略研究前沿分析、物理学习策略调查量表的选择、物理学习策略调查结果分析、物理学业情绪量表的选择、物理学业情绪调查结果分析、学习策略与学习潜能分析等。
●
相关链接 在E读中查询图书 在五车中查询图书 在当当中查询图书 在豆瓣中查询图书


正题名:中学物理学习策略实证研究     索取号:G634.73/1391         预约/预借

序号 登录号 条形码 馆藏地/架位号 状态 备注
1 1215666   212156664   第一样本阅览室/ [索取号:G634.73/1391] 在馆    
2 1215667   212156673   教育系资料室/ [索取号:G634.73/1391] 在馆    
3 1215668   212156682   教育系资料室/ [索取号:G634.73/1391] 在馆    
4 1215669   212156691   第四借阅区/ [索取号:G634.73/1391] 在馆    
唐山师范学院图书馆 欢迎您!
大连网信软件有限公司© 版权所有